| 000 | 00437cam a2200169ua 4500 | ||
|---|---|---|---|
| 020 | _c1.50 | ||
| 041 |
_amal _h |
||
| 082 |
_a894.8124 _bKES/PR |
||
| 100 | _aKesavamenon, K P . | ||
| 245 |
_aPrabhatha deepam / _cK P Kesavamenon. _hTextual Documents |
||
| 260 |
_aCalicut : _bMathrubhumi Printing & Publishing Companty Ltd , _c1960. |
||
| 300 | _a145 ; . | ||
| 365 | _a1.50 | ||
| 504 | _a | ||
| 942 | _cBK | ||
| 999 |
_c5946 _d5946 |
||